书目信息 |
| 书名: | Ashima | |
| 作者: | [compiled and translated from Sani into Han by the Guishan Work Team of the Yunnan People's Cultural Troupe ; revised by the Kunming Branch of the Union of Chinese Writers ; translated into English by Giadys Yang ; illustration (coloured wood-blocks) by Huang Yongyu] | |
| 分册号: | ||
| 分册名: | 出版地: | Beijing : |
|
| 出版社: | Foreign Languages Pr | |
| 出版时间: | 1981. | |
| 页数: | 82 p., [9] leaves of plates : | |
| 开本: | 19 cm. | |
| 丛书名: | ||
| 中图分类号: | ||
| 科图分类号: | ||
| 其他分类号: | H319.4 | |
| 主题词: | ||
| 电子资源: | ||
| 000 | 01352nam 2200265 a 4500 | |
| 001 | E0761630343 | |
| 005 | 20070207170849.34 | |
| 008 | uu | |
| 040 | @aNLC | |
| 041 | 1 | @aeng @hchi |
| 049 | @aN5LA | |
| 090 | @a2C/I287.2/AS/ 1981//////////940713-15/ 3cop./361696-98/ cop.4-6 | |
| 090 | @aH319.4 | |
| 096 | @aI287.2 @v2 | |
| 099 | @dH319.4@ex209=2 | |
| 110 | 2 | @aYunnan Sheng ren min wen gong tuan. @bGuishan gong zuo zu. |
| 240 | 10 | @aAshima. @lEnglish |
| 242 | 10 | @a阿诗玛 : @b撒尼民间叙事长诗(英语版) / @c云南省人民文工团圭山工作组搜集整理,中国作家协会昆明分会重新整理 @ychi |
| 245 | 10 | @aAshima / @c[compiled and translated from Sani into Han by the Guishan Work Team of the Yunnan People's Cultural Troupe ; revised by the Kunming Branch of the Union of Chinese Writers ; translated into English by Giadys Yang ; illustration (coloured wood-blocks) by Huang Yongyu] |
| 250 | @a2nd ed. | |
| 260 | @aBeijing :@bForeign Languages Pr.,@c1981. | |
| 300 | @a82 p., [9] leaves of plates :@bill. (some col.) ;@c19 cm. | |
| 650 | 0 | @aBallads, Chinese @zChina @zYunnan Sheng @xTranslations into English. |
| 700 | 1 | @aYang, Gladys, @etr. @b00 @c20020930 @lNLC09 @h2246 @lNLC09 @h2303 @lNLC09 @h1854 @b40 @c20030603 @lNLC09 @h1925 @b40 @c20030603 @lNLC09 @h1926 @b40 @c20030605 @lNLC09 @h0641 |
| 852 | 9 | @bWWJC @cJ08S @k2C @hI287.2 @iAS/1981 |
| Ashima / / [compiled and translated from Sani into Han by the Guishan Work Team of the Yunnan People's Cultural Troupe ; revised by the Kunming Branch of the Union of Chinese Writers ; translated into English by Giadys Yang ; illustration (coloured wood-blocks) by Huang Yongyu].-2nd ed.-Beijing : : Foreign Languages Pr., , 1981. |
| 82 p., [9] leaves of plates : : ill. (some col.) ; ; 19 cm. |
| ISBN |
| ● |
| 相关链接 |
|
|
|
|
正题名:Ashima
索取号:H319.4/x209=2
 
预约/预借
| 序号 | 登录号 | 条形码 | 馆藏地/架位号 | 状态 | 备注 |
| 1 | 45963 | 001434530 | 第四借阅区/ [索取号:H319.4/x209=2] | 在馆 |